De ferri metallographia.
| Corporate Authors: | , |
|---|---|
| Format: | Book |
| Language: | German English French |
| Published: |
Bruxelles :
Presses academiques europeennes,
1969-
|
| Subjects: |
MARC
| Tag | First Indicator | Second Indicator | Subfields |
|---|---|---|---|
| LEADER | 00000cam a2200000 a 4500 | ||
| 001 | in00000084305 | ||
| 005 | 20151008061322.0 | ||
| 008 | 810914m19699999be a b 00000 germ | ||
| 010 | |a 68077946 | ||
| 015 | |a Be66-1675 (v. 1) | ||
| 035 | |a (OCoLC)05619723 | ||
| 035 | |9 AAJ7804AM | ||
| 040 | |a DLC |c DLC |d m.c. |d TXA |d UtOrBLW | ||
| 041 | 0 | |a ger |a eng |a fre | |
| 049 | |a TXAM |v 5 [1196579] | ||
| 050 | 0 | 0 | |a TN693.I7 |b D4 |
| 082 | 0 | |a 669/.951 |2 19 | |
| 245 | 0 | 0 | |a De ferri metallographia. |
| 264 | 1 | |a Bruxelles : |b Presses academiques europeennes, |c 1969- | |
| 300 | |a volumes : |b illustrations ; |c 31 cm. | ||
| 336 | |a text |b txt |2 rdacontent | ||
| 337 | |a unmediated |b n |2 rdamedia | ||
| 338 | |a volume |b nc |2 rdacarrier | ||
| 500 | |a At head of title : volume 5. Commissio Communitatum Europaearum. | ||
| 500 | |a Volume 5 has imprint: Dusseldorf : Verlag Stahleisen ; Philadelphia,Pa. : sole distributors for North America and the British Isles, Heydon. | ||
| 500 | |a German, English, and French. | ||
| 504 | |a Includes bibliographies. | ||
| 505 | 1 | |a v. 5. Fraktographie und Mikrofraktographie / von G. Henry und D. Horstmann. | |
| 650 | 0 | |a Iron |x Metallography. | |
| 650 | 0 | |a Steel |x Metallography. | |
| 710 | 2 | |a European Coal and Steel Community. |b High Authority. | |
| 710 | 2 | |a Commission of the European Communities. | |
| 999 | |a MARS | ||
| 999 | f | f | |s 088890bf-bd5f-30fd-a034-0826e06a10cc |i 190c0275-75a3-30ca-9273-d5683f2538cd |t 0 |
| 952 | f | f | |p ric |a Texas A&M University |b Rellis Campus |c Joint Library Facility |d Remote Storage |t 0 |e TN693.I7 D4 |h Library of Congress classification |i unmediated -- volume |k v.5 |m A14806011438 |
| 998 | f | f | |a TN693.I7 D4 |s V. 5 |t 0 |l Remote Storage |